| 000 | 01022nam0a22003131 4500 | ||
|---|---|---|---|
| 001 | rc\2169293 | ||
| 005 | 20110826160737.6 | ||
| 035 | _a(NLR Aleph) 006535074 | ||
| 090 |
_a6575483 _c6575483 |
||
| 100 | _a20110826d1978 |||y0rusy50 ca | ||
| 101 | 0 | _arus | |
| 102 | _aRU | ||
| 105 | _aa z ||||| | ||
| 200 | 1 | _aКолумбы каменного века | |
| 210 |
_aМосква _cЗнание _d1978 |
||
| 215 |
_a160 с. _cил. _d20 |
||
| 606 |
_aАрхеологические памятники _yАмерика _2psbo |
||
| 606 |
_aНароды Америки _xЭтногенез _2psbo |
||
| 606 |
_aАрхеологические памятники _yАзия _2psbo |
||
| 686 |
_aТ4(7)2-2,0 _2rubbk |
||
| 686 |
_aТ3(7)2,02 _2rubbk |
||
| 700 | 1 |
_aВаршавский _bА. С. _gАнатолий Семенович |
|
| 801 | 0 |
_aRU _bNLR _gpsbo |
|
| 801 | 1 |
_aRU _bELAR _2rusmarc |
|
| 852 |
_aNLR _j78-3/8142 |
||
| 899 |
_aRuMoRGB _jБ 78-23/1876 |
||
| 899 |
_aRuMoRGB _jБ 78-23/1877 |
||
| 942 | _cBOOK | ||
| 980 | _aNB | ||